000 01132nam a2200253Ia 4500
001 21678
005 20260420105309.0
008 260320s9999||||xx |||||||||||||| ||und||
020 _a9789877230802
041 _aESP
082 _a302
_bZ22
100 _aZaldúa, Graciela,
_eCOR
245 0 _aIntervenciones en psicología social comunitaria :
_bterritorios, actores y políticas sociales
250 _aPrimera edición
260 _aBuenos Aires :
_bTeseo,
_c2016
300 _a466 páginas :
_c21 cm.
650 _aCIS
653 _aPsicología social comunitaria; Servicios de salud comunitaria; Grupos en situación de vulnerabilidad
654 _aCHU
856 _uhttps://ebookcentral.proquest.com/lib/catolicasp/reader.action?docID=6628181&ppg=1&c=UERG
_zVersión digital
856 _uhttps://0u20vx6qe-y-https-ebookcentral-proquest-com.itmsp.museknowledge.com/lib/catolicasp/home.action
_zVéase además: Base de datos ProQuest Ebook Central
856 _uhttps://0u20fx6u7-y-https-research-ebsco-com.itmsp.museknowledge.com/c/qxo6us/search
_zVéase además: Base de datos EBSCOhost
942 _cLIB
_dJUS
_fMAT
_2ddc
999 _c21678
_d21678